Marvel Movies and Shows - Statistics

General Stats
  • This quiz has been taken 36 times
  • The average score is 81 of 196
Answer Stats
Release Year Project % Correct
1944 | 1979 | 1990 Captain America
100%
2011 Captain America: The First Avenger
100%
2008 | 2010 Iron Man
96%
2012 The Avengers
92%
2011 Thor
92%
2003 Hulk
88%
1977 | 1996 | 2008 The Incredible Hulk
88%
2013 Iron Man 3
83%
1977 | 1978 | 1981 | +3 others Spider-Man
83%
2012 The Amazing Spider-Man
83%
2019 Captain Marvel
79%
2016 Doctor Strange
79%
2010 Iron Man 2
79%
2015 Ant-Man
75%
2015 Avengers: Age of Ultron
75%
2019 Avengers: Endgame
75%
2010 | 2018 Black Panther
75%
2014 Captain America: The Winter Soldier
75%
2014 | 2015 Guardians of the Galaxy
75%
2017 Spider-Man: Homecoming
75%
2022 Thor: Love and Thunder
75%
2017 Thor: Ragnarok
75%
2013 Thor: The Dark World
75%
2018 Avengers: Infinity War
71%
2021 Black Widow
71%
2021 Loki
71%
2019 Spider-Man: Far From Home
71%
2021 Spider-Man: No Way Home
71%
2018 Ant-Man and the Wasp
67%
2022 Black Panther: Wakanda Forever
67%
2016 Captain America: Civil War
67%
2005 | 2015 Fantastic Four
67%
2017 Guardians of the Galaxy Vol. 2
67%
2023 Guardians of the Galaxy Vol. 3
67%
1961 | 1994 The Fantastic Four
67%
2023 The Marvels
67%
2021 WandaVision
67%
2000 X-Men
67%
2023 Ant-Man and the Wasp: Quantumania
63%
2026 Avengers: Doomsday
63%
2025 Captain America: Brave New World
63%
2003 | 2015 Daredevil
63%
2016 Deadpool
63%
2022 Doctor Strange in the Multiverse of Madness
63%
2018 Venom
63%
2024 Venom: The Last Dance
63%
2027 Avengers: Secret Wars
58%
1998 Blade
58%
2024 Deadpool & Wolverine
58%
2021 Eternals
58%
2007 Spider-Man 3
58%
1989 | 2004 | 2017 The Punisher
58%
2013 The Wolverine
58%
2025 Thunderbolts*
58%
2021 What If...?
58%
2016 X-Men: Apocalypse
58%
2021 Hawkeye
54%
2022 Ms. Marvel
54%
2004 Spider-Man 2
54%
2014 The Amazing Spider-Man 2
54%
2021 The Falcon and the Winter Soldier
54%
2003 X2
54%
2014 X-Men: Days of Future Past
54%
2011 X-Men: First Class
54%
2002 Blade 2
50%
2019 Dark Phoenix
50%
2018 Deadpool 2
50%
2015 Jessica Jones
50%
2017 Logan
50%
2016 Luke Cage
50%
2022 Moon Knight
50%
2021 Shang-Chi and the Legend of the Ten Rings
50%
2011 Wolverine
50%
2009 X-Men Origins: Wolverine
50%
2006 X-Men: The Last Stand
50%
2024 Agatha All Along
46%
2004 Blade: Trinity
46%
2005 Elektra
46%
2025 Fantastic Four: First Steps
46%
2007 Ghost Rider
46%
2017 Iron Fist
46%
2024 Kraven the Hunter
46%
2017 The Defenders
46%
2013 Agents of S.H.I.E.L.D
42%
2025 Daredevil: Born Again
42%
1986 Howard the Duck
42%
2025 Iron Heart
42%
2024 Madame Web
42%
2022 Morbius
42%
2022 She-Hulk: Attorney at Law
42%
1978 Dr. Strange
38%
2017 Inhumans
38%
2023 Secret Invasion
38%
2023 Spider-Man: Across the Spider-Verse
38%
2018 Spider-Man: Into the Spider-Verse
38%
2020 The New Mutants
38%
2018 Cloak and Dagger
33%
2025 Marvel Zombies
33%
2013 | 2015 Agent Carter
29%
2014 Big Hero 6
29%
2025 Eyes of Wakanda
29%
2011 Ghost Rider: Spirit of Vengeance
29%
2022 I Am Groot
29%
2018 Runaways
29%
2026 Spider-Man: Brand New Day
29%
2025 Wonder Man
29%
2025 Your Friendly Neighborhood Spider-Man
29%
2024 Echo
25%
2005 Man-Thing
25%
2026 Vision Quest
25%
2024 X-Men '97
25%
2013 Avengers Assemble
21%
1998 Nick Fury: Agent of S.H.I.E.L.D
21%
2008 Punisher: Warzone
21%
2027 Spider-Man: Beyond the Spider-Verse
21%
2011 A Funny Thing Happened on the Way to Thor's Hammer
13%
2007 Fantastic Four: The Rise of the Silver Surfer
13%
1996 Generation X
13%
2020 Helstorm
13%
2008 Next Avengers: Heroes of Tomorrow
13%
2017 The Gifted
13%
2006 Ultimate Avengers
13%
2006 Ultimate Avengers 2
13%
1992 X-Men: The Animated Series
13%
2014 All Hail the King
8%
2021 Hit-Monkey
8%
2009 Iron Man: Armored Adventures
8%
2012 Item 47
8%
2021 M.O.D.O.K
8%
2023 Moon Girl and Devil Dinosaur
8%
2019 Peter's To-Do List
8%
1977 Return of the Incredible Hulk
8%
1998 Silver Surfer
8%
2003 Spider-Man: The New Animated Series
8%
1999 Spider-Man Unlimited
8%
1979 Spider-Woman
8%
2021 Spidey and His Amazing Friends
8%
2018 Team Darryl
8%
2016 Team Thor
8%
2010 The Avengers: Earth's Mightiest Heroes
8%
2011 The Consultant
8%
1978 The Incredible Hulk: Married
8%
1989 The Trial of the Incredible Hulk
8%
2000 X-Men: Evolution
8%
2014 Avengers Confidential: Black Widow and Punisher
4%
2017 Baymax Returns
4%
2007 Blade: House of Chthon
4%
1979 Captain America 2: Death Too Soon
4%
2021 Deadpool and Korg React
4%
2007 Doctor Strange: The Sorcerer Supreme
4%
2006 Fantastic Four: World's Greatest Heroes
4%
2013 Hulk and the Agents of S.M.A.S.H
4%
2009 Hulk Versus
4%
2014 Iron Man & Captain America: Heroes United
4%
2013 Iron Man & Hulk: Heroes United
4%
2013 Iron Man: Rise of Technovore
4%
2017 Marvel Future Avengers
4%
2001 Mutant X
4%
2017 No Good Deed
4%
2010 Planet Hulk
4%
1978 Spider-Man Strikes Back
4%
1981 Spider-Man: The Dragon's Challenge
4%
2017 Team Thor: Part 2
4%
1990 The Death of the Incredible Hulk
4%
1988 The Incredible Hulk Returns
4%
2007 The Invincible Iron Man
4%
2011 Thor: Tales of Asgard
4%
2012 Ultimate Spider-Man
4%
1999 Avengers: United They Stand
0%
1980 Dracula: Sovereign of the Damned
0%
2016 Hulk: Where Monsters Dwell
0%
1981 Kyoufu Densetsu Kaiki! Frankenstein
0%
2018 Marvel Rising: Secret Warriors
0%
2017 Marvel Super hero Adventures
0%
2015 Marvel Super Hero Adventures: Frost Fight!
0%
2008 The Speculator Spider-Man
0%
2021 Venom: Let The Be Carnage
0%
2009 X-Men and the Wolverine
0%
No matching quizzes found
Score Distribution
Percent of People with Each Score
Percentile by Number Answered
Your Score History
You have not taken this quiz